| 000 | 00706nam a2200205 i 4500 | ||
|---|---|---|---|
| 001 | 101580 | ||
| 003 | ES-MaACL | ||
| 005 | 20231204183648.0 | ||
| 007 | t| | ||
| 008 | 051020s1977 sp ||||1| spa d | ||
| 100 | 1 |
_aMedvedev, Roy A. _979779 |
|
| 245 | 1 | 0 |
_aQue juzgue la historia _b: (Orígenes y consecuencias del estalinismo) / _cRoy A. Medvedev; [traducción del inglés por Rafael Vázquez Zamora y Rosendo Llates]. |
| 250 | _a[1ª ed.]. | ||
| 260 |
_aBarcelona : _bDestino, _c1977. |
||
| 300 |
_a610 p. ; _c25 cm. |
||
| 700 | 1 |
_aVázquez Zamora, Rafael, _d1911-1972 _9113498 |
|
| 700 | 1 |
_aLlates, Rosendo. _972726 |
|
| 852 |
_aES-MaACL _jL-2955 _bR.103619 |
||
| 999 |
_c101580 _d101580 |
||